मोहन गाता जायेगा / (Record no. 112604)

MARC details
000 -LEADER
fixed length control field 00899nam a22002297a 4500
005 - DATE AND TIME OF LATEST TRANSACTION
control field 20170124102941.0
010 ## - LIBRARY OF CONGRESS CONTROL NUMBER
LC control number B-117254
020 ## - INTERNATIONAL STANDARD BOOK NUMBER
Terms of availability 300.00
International Standard Book Number 8171198775
035 ## - SYSTEM CONTROL NUMBER
System control number B-117254
037 ## - SOURCE OF ACQUISITION
Source of stock number/acquisition Cen Lib/Ret
040 ## - CATALOGING SOURCE
Original cataloging agency DPL
Language of cataloging HN
082 ## - DEWEY DECIMAL CLASSIFICATION NUMBER
Classification number 921
Item number नौटिया
100 ## - MAIN ENTRY--PERSONAL NAME
Personal name नौटियाल, विद्यासागर
9 (RLIN) 43015
245 ## - TITLE STATEMENT
Title मोहन गाता जायेगा /
Statement of responsibility, etc विद्यासागर नौटियाल
246 ## - VARYING FORM OF TITLE
Title proper/short title Mohan gaata jayega /
Remainder of title by Vidyasagar Nautiyal
260 ## - PUBLICATION, DISTRIBUTION, ETC. (IMPRINT)
Place of publication, distribution, etc दिल्ली
Name of publisher, distributor, etc राधाकृष्ण
Date of publication, distribution, etc 2004
270 ## - ADDRESS
Address जी-17, जगतपुरी
City नयी दिल्ली
Postal code 110092
300 ## - PHYSICAL DESCRIPTION
Extent vi,275पृ.
Dimensions 19सेमी(सजिल्द)
650 ## - SUBJECT ADDED ENTRY--TOPICAL TERM
Topical term or geographic name as entry element आत्मकथा
9 (RLIN) 106450
650 ## - SUBJECT ADDED ENTRY--TOPICAL TERM
Topical term or geographic name as entry element Biography
9 (RLIN) 7490
942 ## - ADDED ENTRY ELEMENTS (KOHA)
Source of classification or shelving scheme Dewey Decimal Classification
Koha item type Hindi Books
Classification part 921
Call number suffix नौटिया
Holdings
Withdrawn status Lost status Damaged status Not for loan Home library Current library Date acquired Source of acquisition Cost, normal purchase price Total Checkouts Full call number Barcode Date last seen Copy number Cost, replacement price Price effective from Koha item type
        Central Library Central Library 10/08/2015 Cen Lib/Ret 300.00   921 नौटिया B-117254 10/08/2015 1 300.00 10/08/2015 Hindi Books

© Delhi Public Library
Hit Counter
free hit counter